Statistics for Who doesn't fit?

Click here to take the quiz!

General Stats

  • This quiz has been taken 51 times
  • The average score is 7 of 12

Answer Stats

QuestionAnswer% Correct
President of the United StatesBenjamin Franklin
80%
Time Person of the YearBoris Johnson
80%
James Bond actorClive Owen
80%
FemaleLewis Carroll
80%
AthleteGavrilo Princip
78%
Oscar Best Actress winnerScarlett Johansson
65%
SpaniardFerdinand Magellan
63%
Peace Nobel Prize recipientMahatma Gandhi
57%
Born before 1900Tennessee Williams
52%
MonarchPericles
43%
Alive as of 2019Noam Chomsky
30%
Lived in Vienna in 1913Lenin
28%

Score Distribution

Percentile by Number Answered

Percent of People with Each Score

Your Score History

You have not taken this quiz